El islam contempóraneo
Sparad:
| Huvudupphovsman: | |
|---|---|
| Materialtyp: | Bok |
| Språk: | spanska |
| Publicerad: |
Ciudad de México
Fondo de Cultura Económica
2001
|
| Serie: | Colección Popular, 374
|
| Ämnen: | |
| Taggar: |
Lägg till en tagg
Inga taggar, Lägg till första taggen!
|
MARC
| LEADER | 00000nam a2200000 a 4500 | ||
|---|---|---|---|
| 001 | UCI1233 | ||
| 003 | CL-VaPUC | ||
| 008 | 070622e20010000MX |||||||||||||||||spa|d | ||
| 020 | |a 9681627563 | ||
| 082 | 0 | 4 | |a 297 |b MER |2 21 |
| 100 | |a Merad, Ali |e autor |9 521607 | ||
| 245 | 1 | 3 | |a El islam contempóraneo |
| 300 | |a 159 p | ||
| 942 | |c BK | ||
| 945 | |d 20070622 00:00:00 |a jtorresc | ||
| 260 | |a Ciudad de México |b Fondo de Cultura Económica |c 2001 | ||
| 650 | 0 | |a Civilización islámica |9 314083 | |
| 650 | 0 | |a Islamismo |9 314084 | |
| 583 | |a last modification |c 20070622 00:00:00 |k Rodrigo Vera | ||
| 490 | 0 | |a Colección Popular, 374 | |
| 999 | |c 326073 |d 326071 | ||
| 952 | |0 0 |1 0 |4 0 |6 297_000000000000000_MER_2001 |7 0 |8 A |9 407760 |a BIBHIS |b BIBHIS |d 2019-11-22 |i 4351312 |l 1 |m 1 |o 297 MER 2001 |p 4351312 |r 2025-01-20 |s 2022-11-18 |w 2019-11-22 |y BK |k HIS | ||